Earthquake in the early morning

Bibliographic Details
Main Author: Osborne, Mary Pope
Other Authors: Murdocca, Sal
Format: Book
Published: New York : Random House , 2001
Subjects:

MARC

LEADER 00000cam a2200000 7i4500
001 0000058405
005 20020716.0
020 |a 0679990704 
090 0 0 |a JF   |b OSB 
100 1 |a Osborne, Mary Pope 
245 1 0 |a Earthquake in the early morning   |c by Mary Pope Osborne ; illustrated by Sal Murdocca 
260 |a New York :   |b Random House ,   |c 2001 
300 |a 72p. :   |b ill. ;   |c 20cm. 
650 0 0 |a Children's stories 
700 1 |a Murdocca, Sal   |f ill 
999 |a 00140320   |b BUKU   |c PINJAMAN   |e PERPUSTAKAAN KOMUNITI PETALING JAYA